| 000 | 01541 am a2200349 a 4500 | ||
|---|---|---|---|
| 005 | 20240524091542.0 | ||
| 008 | 100427s2009||||mx a f |||| 001 0 spa d | ||
| 020 | _a9786077504337 | ||
| 041 | _aspa | ||
| 092 |
_c617.5 _l66 _sPER |
||
| 100 | 1 |
_aPérez Castro y Vázquez, Jorge A. _9578 |
|
| 245 |
_aSeguridad del paciente. _bUna prioridad nacional / _cJorge A. Pérez Castro y Vázquez. |
||
| 250 |
_a1a ed. _bColección Platino Academia Mexicana de Cirugía |
||
| 260 |
_aMéxico: _bAlfil; _c2009. |
||
| 300 | _a109 p. | ||
| 500 | _aPérez Castro y Vázquez, J. A. (2009). Seguridad del paciente. Una prioridad nacional. (1a ed.). México : Alfil. | ||
| 590 | _aDonación Academia Mexicana de Cirugía, 2010 | ||
| 653 | _aIdentificación correcta del paciente | ||
| 653 | _aPrevención de caídas de los pacientes | ||
| 653 | _aPrevención de úlceras por presión | ||
| 653 | _aPrescripción y escritura correctas de ordenes médicas | ||
| 653 | _aCirugía equívoca | ||
| 653 | _aInfección de sitio quirúrgico como indicador de calidad de los servicios quirúrgicos | ||
| 653 | _aComplicaciones posoperatorias. Cuerpo extraño u oblito después de una intervención quirúrgica | ||
| 653 | _aPrevención de accidentes por el uso de energía en cirugía | ||
| 653 | _aSeguridad en la terapia intravenosa | ||
| 653 | _aManejo de agujas y punzocortantes | ||
| 653 | _aAdministración segura de medicamentos | ||
| 653 | _aVerificación de instrumental y dispositivos médicos | ||
| 930 | _a2102 | ||
| 942 |
_2ddc _cBK |
||
| 999 |
_c269 _d269 |
||